Top Ice Cream Brands In The World Quiz - Statistics

General Stats
  • This quiz has been taken 72 times
    52 since last reset
  • The average score is 4 of 25
Answer Stats
Hint Answer % Correct
19. Ben & Jerry's
92%
25. Baskin Robbins
47%
22. Blue Bunny
39%
21. Blue Bell
35%
23. Haagen-Dazs
35%
20. Magnum
27%
14. Tillamook
27%
18. Talenti
22%
11. Jeni's
16%
8. Hood
12%
5. Coolhaus
10%
6. Graeter's
10%
24. So Delicious
10%
15. Ample Hills
8%
13. Salt & Straw
8%
9. Frozen Farmer
6%
2. Gelato Fiasco
6%
3. Gifford's
6%
10. High Road
6%
16. McConnell's
6%
7. Sassy Cow
6%
1. Smitten
6%
4. Whitey's
4%
17. Adirondack Creamery
2%
12. Van Leeuwen's
2%
No matching quizzes found
Score Distribution
Percent of People with Each Score
Percentile by Number Answered
Your Score History
You have not taken this quiz since the last reset